Biblioteca

Un hombre de verdad : (Registro nro. 36031)

Detalles MARC
000 -LÍDER
Campo fijo de descripción fija 00935cam a2200313 i 4500
001 - NÚMERO DE CONTROL
Campo de control 768714001
003 - IDENTIFICADOR DEL NÚMERO DE CONTROL
Campo de control CO-MdFUSB
005 - FECHA Y HORA DE LA ULTIMA TRANSACCIÓN
control field 20250612121805.0
007 - CAMPO FIJO DE DESCRIPCIÓN FIJA--INFORMACIÓN GENERAL
Campo fijo de descripción fija ta
008 - ELEMENTOS DE LONGITUD FIJA -- INFORMACIÓN GENERAL
Campo fijo de descripción fija -- Información general 250529t1996 -us||||| |||| 00| 0 spa d
020 ## - NÚMERO INTERNACIONAL NORMALIZADO PARA LIBROS
Número Internacional Normalizado del libro 0-88113-140-7
040 ## - FUENTE DE CATALOGACIÓN
Agencia que realiza la transcripción CO-MdFUSB
041 0# - CÓDIGO DE IDIOMA
Código de idioma para texto/pista de sonido o título separado spa
Código de idioma original eng
082 04 - NÚMERO DE CLASIFICACIÓN DECIMAL DEWEY
Número de la edición del Dewey 23
Número de clasificación 248.8
Clave de autor-Numero de item C6891h
100 1# - ASIENTO PRINCIPAL--NOMBRE PERSONAL
Nombre personal Cole, Edwin Louis
Término relacionador autor
240 ## - TITULO UNIFORME
Título uniforme <a href="On becoming a real man">On becoming a real man</a>
245 10 - TÍTULO
Título del Material Un hombre de verdad :
Parte restante del título - Subtitulo mitos sobre la masculinidad
Mención de responsabilidad, etc. / Edwing Louis Cole ; traducido por Virginia A. Powell de Lobo
264 #1 - PRODUCCIÓN, PUBLICACIÓN, DISTRIBUCIÓN, MANUFACTURA, Y COPYRIGHT
Lugar de producción, publicación, distribución, manufactura Estados Unidos :
Nombre del productor, publicador, distribuidor Betania,
Fecha de producción, publicación, distribución, manufactura, o copyright [1996]
264 #4 - PRODUCCIÓN, PUBLICACIÓN, DISTRIBUCIÓN, MANUFACTURA, Y COPYRIGHT
Fecha de producción, publicación, distribución, manufactura, o copyright ©1996
300 ## - DESCRIPCIÓN FÍSICA
Extensión 277 páginas
336 ## - TIPO DE CONTENIDO
Término de tipo de contenido texto
Código de tipo de contenido txt
Fuente rdacontent
337 ## - TIPO DE MEDIO
Fuente rdamedia
Nombre del tipo de medio sin mediación
Código del tipo de medio n
338 ## - TIPO DE SOPORTE
Fuente rdacarrier
Nombre del tipo de soporte volumen
Código Tipo de soporte nc
563 ## - NOTA DE ENCUADERNACIÓN
Nota de encuadernación Rústico
650 #0 - ASIENTO SECUNDARIO DE MATERIA - TERMINO TEMÁTICO
Término temático o nombre geográfico como elemento de entrada Vida cristiana
9 (RLIN) 19
700 ## - ASIENTO SECUNDARIO - NOMBRE PERSONAL
Nombre personal Virginia A. Powell de Lobo,
9 (RLIN) 11632
Responsabilidad traductor
942 ## - TIPO DE MATERIAL (KOHA)
Tipo de Item KOHA Libros General
945 ## - INFORMACIÓN LOCAL DEL REGISTRO
Catalogador Miguel Gómez
Existencias
Estado de Material Estado de Perdido Estado de Dañado No para Préstamo Colección Tomo Biblioteca de Origen Biblioteca Permanente Fecha de Adquisición Total de Préstamos Signatura Topográfica Código de Barras Última vez visto Última vez Préstado Ejemplar/Existencia Fecha de Remplazo Tipo de Material
        Colección General   Biblioteca FUSBC Biblioteca FUSBC 16/12/2004 2 G 248.8 C6891h 13599 12/12/2019 26/09/2017 1 26/01/2016 Libros General

Biblioteca FUSBC | Teléfono: (57+4) 349 88 10 Ext. 141| WhatsApp (+57) 3005338115 
E-mail: biblioteca@unisbc.edu.co | Calle 76 87-14 Robledo Palenque, Medellín, Colombia

Con tecnología Koha